00383nam a2200121 a 45000010005000000030005000050050017000100080041000270400026000681000033000942450125001272600009002523234CDMR20130905131037.0130130s ||||||||||||||||||||||||||||d aCDMRbcatcCPC GIRONA1 aRodríguez Morató, Arturo13aLa problemática profesional de los escritores y traductores.bUna visión sociológicacRodríguez Morató, Arturo bACEC